| 000 | 00640nam a2200181Ia 4500 | ||
|---|---|---|---|
| 008 | 100921s9999 xx 000 0 und d | ||
| 082 |
_b31855 _a891.463 न 00 |
||
| 100 | _aनायक श्रीकांत विष्णु. | ||
| 245 | _aयज्ञकुंड. | ||
| 260 |
_bमनोरमा प्रकाशन,मुंबई. _c2000 |
||
| 300 |
_a303 _bजयेश एजन्सी,पुणे. |
||
| 365 | _b200 | ||
| 520 | _aललित-कादंबरी. | ||
| 630 | _aयज्ञकुंड. | ||
| 650 | _aललित-कादंबरी. | ||
| 730 | _aयज्ञकुंड. | ||
| 942 | _cBOOK | ||
| 999 |
_c780968 _d780965 |
||